Selected Readings From The Works of Mao Tse-Tung / (Record no. 13206)
[ view plain ]
| 000 -LEADER | |
|---|---|
| fixed length control field | 00894cam a2200253 4500 |
| 001 - CONTROL NUMBER | |
| control field | 315995 |
| 005 - DATE AND TIME OF LATEST TRANSACTION | |
| control field | 20010616155724.0 |
| 008 - FIXED-LENGTH DATA ELEMENTS--GENERAL INFORMATION | |
| fixed length control field | 691126s1967 cc c | b 000 0deng d |
| 010 ## - LIBRARY OF CONGRESS CONTROL NUMBER | |
| LC control number | 74007828 |
| 040 ## - CATALOGING SOURCE | |
| Original cataloging agency | DLC |
| Transcribing agency | DLC |
| Modifying agency | DLC |
| 041 1# - LANGUAGE CODE | |
| Language code of text/sound track or separate title | eng |
| Language code of original and/or intermediate translations of text | chi |
| 050 00 - LIBRARY OF CONGRESS CALL NUMBER | |
| Classification number | DS778.M3 |
| Item number | A5156 |
| 082 00 - DEWEY DECIMAL CLASSIFICATION NUMBER | |
| Classification number | 335.430951 |
| Item number | ZED |
| 100 1# - MAIN ENTRY--PERSONAL NAME | |
| Personal name | Mao, Zedong, |
| Dates associated with a name | 1893-1976. |
| 9 (RLIN) | 10647 |
| 240 10 - UNIFORM TITLE | |
| Uniform title | <a href="Selections.">Selections.</a> |
| Language of a work | English. |
| Date of a work | 1967 |
| 245 10 - TITLE STATEMENT | |
| Title | Selected Readings From The Works of Mao Tse-Tung / |
| Statement of responsibility, etc | Zedong Mao. |
| 260 ## - PUBLICATION, DISTRIBUTION, ETC. (IMPRINT) | |
| Place of publication, distribution, etc | Peking, |
| Name of publisher, distributor, etc | Foreign Languages Press, |
| Date of publication, distribution, etc | 1967. |
| 300 ## - PHYSICAL DESCRIPTION | |
| Extent | 406 p. |
| Other physical details | port. |
| Dimensions | 23 cm. |
| 504 ## - BIBLIOGRAPHY, ETC. NOTE | |
| Bibliography, etc | Includes bibliographical references. |
| 546 ## - LANGUAGE NOTE | |
| Language note | In English. |
| 650 ## - SUBJECT ADDED ENTRY--TOPICAL TERM | |
| Topical term or geographic name as entry element | Mao, Zedong |
| 9 (RLIN) | 10648 |
| 942 ## - ADDED ENTRY ELEMENTS (KOHA) | |
| Source of classification or shelving scheme | Dewey Decimal Classification |
| Item type | Book - Borrowing |
| Withdrawn status | Item status | Source of classification or shelving scheme | Damaged status | Not for loan | Vendor | Home library | Current library | Shelving location | Date acquired | Source of acquisition | Total Checkouts | Total Renewals | Full call number | Barcode | Date last seen | Date last borrowed | Koha item type | Public note |
|---|---|---|---|---|---|---|---|---|---|---|---|---|---|---|---|---|---|---|
| Dewey Decimal Classification | Donation-Gift | Central Library | Central Library | First floor | 24/01/2010 | Donation | 3 | 3 | 335.430951 ZED | 000019145 | 15/07/2025 | 30/10/2019 | Book - Borrowing | Donated by Alaa Abd El- Ghany |